Física
Zapisane w:
| Główni autorzy: | , |
|---|---|
| Format: | Książka |
| Język: | hiszpański |
| Wydane: |
Madrid
Aguilar
1972
|
| Hasła przedmiotowe: | |
| Etykiety: |
Dodaj etykietę
Nie ma etykietki, Dołącz pierwszą etykiete!
|
MARC
| LEADER | 00000nam a2200000 a 4500 | ||
|---|---|---|---|
| 001 | UCU3668 | ||
| 003 | CL-VaPUC | ||
| 008 | 960510e19720000SP |||||||||||||||||spa|d | ||
| 082 | 0 | 4 | |a 530 |b SEA |2 21 |
| 100 | 0 | |a Sears, Francis Weston |e author |9 360751 | |
| 700 | 0 | |a Zemansky, Mark Waldo |e author |9 360752 | |
| 245 | 1 | 0 | |a Física |
| 300 | |a 1010 p | ||
| 942 | |c BK | ||
| 945 | |d 19960510 00:00:00 |a paguirre | ||
| 260 | |a Madrid |b Aguilar |c 1972 | ||
| 650 | 0 | |a Física |9 227844 | |
| 650 | 0 | |a Vectores |9 317184 | |
| 650 | 0 | |a Relatividad |9 269977 | |
| 650 | 7 | |a ROTACION |2 CL-VaPUC |9 359703 | |
| 650 | 7 | |a ELASTICIDAD |2 CL-VaPUC |9 266503 | |
| 650 | 0 | |a Hidrodinámica |9 261326 | |
| 650 | 7 | |a TEMPERATURA |2 CL-VaPUC |9 360753 | |
| 650 | 0 | |a Calor específico |9 259409 | |
| 650 | 0 | |a Termodinámica |9 259320 | |
| 650 | 7 | |a CAMPOS ELECTRICOS |2 CL-VaPUC |9 360754 | |
| 650 | 7 | |a CAMPOS MAGNETICOS |2 CL-VaPUC |9 360755 | |
| 650 | 7 | |a RADIACION ELECTROMAGNETICA |2 CL-VaPUC |9 345469 | |
| 650 | 0 | |a Átomos |9 259583 | |
| 650 | 7 | |a RADIACTIVIDAD |2 CL-VaPUC |9 354956 | |
| 650 | 0 | |a Optica |9 263171 | |
| 650 | 7 | |a EQUIPO OPTICO |2 CL-VaPUC |9 360756 | |
| 583 | |a last modification |c 19960510 00:00:00 |k Rodrigo Vera | ||
| 999 | |c 247598 |d 247596 | ||
| 952 | |0 0 |1 0 |4 0 |6 530_000000000000000_SEA_1972 |7 0 |8 P |9 263613 |a BIBARQ |b BIBARQ |d 2019-11-19 |i 2650290 |o 530 SEA 1972 |p 2650290 |r 2025-01-20 |w 2019-11-19 |y BK |k ARQ | ||